LEADER 00930nam a2200241 i 4500 001 991002287489707536 008 070326s2002 it 001 0 ita d 020 $a8870905101 035 $ab13504265-39ule_inst 040 $aDip.to Studi Giuridici$bita 082 0 $a711.55 100 1 $aTamini, Luca $0422758 245 13$aIl governo degli insediamenti commerciali /$cLuca Tamini ; presentazione di Luca Pellegrini 260 $aMilano :$bLibreria CLUP,$cc2002 300 $a211 p. ;$c24 cm 650 4$aCentri commerciali$xPianificazione territoriale$zItalia 700 1 $aPellegrini, Luca 907 $a.b13504265$b26-03-07$c26-03-07 912 $a991002287489707536 945 $aLE027 711.55 TAM01.01$g1$i2027000128075$lle027$op$pE15.00$q-$rl$s- $t0$u3$v1$w3$x0$y.i14410011$z26-03-07 996 $aGoverno degli insediamenti commerciali$91096904 997 $aUNISALENTO 998 $ale027$b26-03-07$cm$da $e-$fita$git $h3$i0